| 000 | 00566 a2200157 4500 | ||
|---|---|---|---|
| 999 |
_c131 _d131 |
||
| 020 | _a0854965912 | ||
| 050 | _aB831.2 POS 1989 | ||
| 100 |
_aMilner, Andrew / _eEditor |
||
| 245 |
_aPostmodern conditions _cedited by Andrew Milner, Philip Thomson, and Chris Worth. |
||
| 264 |
_aOxford _bBerg Publishers _c1990 |
||
| 300 | _axv, 208 p. | ||
| 500 | _aIncludes bibliographical references (p. [201]-204) and index. | ||
| 650 | _aPostmodernism. | ||
| 700 |
_aMilner, Andrew. Thomson, Philip J. (Philip John), 1941- Worth, Chris. _eEditors |
||
| 942 |
_2lcc _cBK _h831.2 _iPOS _kB |
||